[Event "Titled Tuesday intern op 11th Feb Early"]
[Site "Chess.com INT"]
[Date "2025.02.11"]
[Round "8"]
[White "Tyukhanov, Alexey"]
[Black "Scheglov, Gleb"]
[Result "0-1"]
[WhiteElo "2218"]
[BlackElo "2205"]
[PlyCount "80"]
[EventDate "2025.02.11"]
[EventType "swiss (blitz)"]
[EventRounds "11"]
[EventCountry "USA"]
[SourceTitle "CB09_2025"]
[SourceDate "2025.02.27"]
[SourceVersion "1"]
[SourceVersionDate "2025.02.27"]
[SourceQuality "1"]

1. e4 e5 2. Nf3 d6 3. Bc4 Be7 4. 0-0 Nf6 5. Re1 0-0 6. d4 exd4 7. Nxd4 c5 8. Nf3 Nc6 9. Nc3 Bg4 10. h3 Bh5 11. Be3 a6 12. a4 Re8 13. g4 Bg6 14. Bf4 Bf8 15. Bg5 h6 16. Bh4 Ne5 17. Nxe5 dxe5 18. Nd5 Be7 19. Bxf6 Bxf6 20. Qf3 Bg5 21. Red1 Qa5 22. c3 Rac8 23. Rd3 b5 24. b4 cxb4 25. cxb4 Qd8 26. Bb3 bxa4 27. Bxa4 Re6 28. Rad1 Qf8 29. Bd7 Rc4 30. Bxe6 Bxe4 31. Qe2 Bxd3 32. Rxd3 fxe6 33. Ne3 Rc1+ 34. Kg2 Qa8+ 35. f3 e4 36. Rb3 exf3+ 37. Qxf3 Rg1+ 38. Kf2 Bh4+ 39. Ke2 Re1+ 40. Kd2 Qxf3 0-1

[Event "Titled Tuesday intern op 04th Feb Early"]
[Site "Chess.com INT"]
[Date "2025.02.04"]
[Round "10"]
[White "Manukyan, Sargis A"]
[Black "Tyukhanov, Alexey"]
[Result "1-0"]
[WhiteElo "2233"]
[BlackElo "2218"]
[PlyCount "101"]
[EventDate "2025.02.04"]
[EventType "swiss (blitz)"]
[EventRounds "11"]
[EventCountry "USA"]
[SourceTitle "CB07_2025"]
[SourceDate "2025.02.12"]
[SourceVersion "1"]
[SourceVersionDate "2025.02.12"]
[SourceQuality "1"]

1. e4 c6 2. c4 d5 3. cxd5 cxd5 4. exd5 a6 5. Nc3 Nf6 6. Nf3 g6 7. d4 Bg7 8. Bc4 0-0 9. 0-0 Nbd7 10. d6 exd6 11. Bf4 b5 12. Bb3 Nb6 13. Re1 Bb7 14. Rc1 Rc8 15. Bg5 Qd7 16. h3 Rfe8 17. a4 b4 18. Nb1 Rxc1 19. Rxe8+ Qxe8 20. Qxc1 Bxf3 21. gxf3 Qe2 22. Nd2 d5 23. a5 Nbd7 24. Qf1 Qe6 25. Be3 Nh5 26. Kg2 Bf8 27. Qc1 Bd6 28. Qc8+ Nf8 29. Qxe6 Nxe6 30. Bc2 Nhf4+ 31. Bxf4 Nxf4+ 32. Kf1 Nxh3 33. Bd3 Bc7 34. Nb3 Nf4 35. Bxa6 h5 36. Bc8 Kf8 37. a6 Bb6 38. Na5 Bxd4 39. Nc6 Bc5 40. a7 Bxa7 41. Nxa7 Ke7 42. Nc6+ Kd6 43. Nxb4 Kc5 44. Nc2 Kc4 45. b4 d4 46. Ba6+ Kb3 47. b5 d3 48. Ne3 d2 49. b6 Nd5 50. Bc4+ Kc3 51. Bxd5 1-0

[Event "Titled Tuesday intern op 04th Feb Early"]
[Site "Chess.com INT"]
[Date "2025.02.04"]
[Round "5"]
[White "Tyukhanov, Alexey"]
[Black "Lacan Rus, David"]
[Result "0-1"]
[WhiteElo "2218"]
[BlackElo "2403"]
[PlyCount "68"]
[EventDate "2025.02.04"]
[EventType "swiss (blitz)"]
[EventRounds "11"]
[EventCountry "USA"]
[SourceTitle "CB07_2025"]
[SourceDate "2025.02.12"]
[SourceVersion "1"]
[SourceVersionDate "2025.02.12"]
[SourceQuality "1"]

1. e4 c6 2. d4 d5 3. exd5 cxd5 4. c3 Nc6 5. Bd3 Nf6 6. h3 g6 7. Nf3 Bg7 8. 0-0 Bf5 9. Re1 0-0 10. Bf4 Bxd3 11. Qxd3 Ne4 12. Nbd2 f5 13. Nh2 g5 14. Be5 Bxe5 15. dxe5 Nxe5 16. Qd4 Nc6 17. Qe3 e5 18. Rad1 Qf6 19. Ndf3 Rad8 20. h4 h6 21. c4 d4 22. Qb3 Rf7 23. hxg5 hxg5 24. Nf1 g4 25. N3h2 Kg7 26. Rxe4 fxe4 27. Nxg4 Qf4 28. Nfh2 Rh8 29. g3 Qf5 30. Qc2 d3 31. Qd2 Nd4 32. Qe3 Nf3+ 33. Nxf3 Qxg4 34. Nxe5 Qxd1+ 0-1

[Event "Titled Tuesday intern op 07th Nov Early"]
[Site "Chess.com INT"]
[Date "2023.11.07"]
[Round "2"]
[White "Le, Quang Liem"]
[Black "Tyukhanov, Alexey"]
[Result "1-0"]
[WhiteElo "2731"]
[BlackElo "2218"]
[PlyCount "83"]
[EventDate "2023.11.07"]
[EventType "swiss (blitz)"]
[EventRounds "11"]
[EventCountry "USA"]
[SourceTitle "EXT 2025"]
[Source "ChessBase"]
[SourceDate "2024.10.14"]
[SourceVersion "1"]
[SourceVersionDate "2024.10.14"]
[SourceQuality "1"]

1. Nf3 Nf6 2. c4 g6 3. Nc3 Bg7 4. e4 d6 5. d4 0-0 6. Be2 c6 7. 0-0 Qc7 8. Rb1 a5 9. b3 Nbd7 10. Ba3 Re8 11. Qc2 e5 12. d5 Nc5 13. Rfd1 Bg4 14. Ne1 Bxe2 15. Qxe2 Nfd7 16. Nd3 Nxd3 17. Rxd3 c5 18. Rf1 f5 19. exf5 gxf5 20. Qh5 Rf8 21. Rh3 h6 22. Bc1 Rf6 23. g4 fxg4 24. Qxg4 Kh8 25. Ne4 Rg8 26. Kh1 Qd8 27. Nxf6 Nxf6 28. Qf5 Qf8 29. Rg1 a4 30. Rg6 Nh7 31. Qxf8 Rxf8 32. Bxh6 Bxh6 33. Rgxh6 Rf7 34. Rxd6 Rxf2 35. Rd8+ Kg7 36. Rd7+ Kg6 37. Rdxh7 a3 38. Rxb7 Rxa2 39. Rg3+ Kf5 40. Ra7 e4 41. Rg2 Rb2 42. Rxa3 1-0

[Event "Krakow Malopolski-chA"]
[Site "Krakow"]
[Date "2014.05.04"]
[Round "9"]
[White "Tyukhanov, Alexey"]
[Black "Skawinski, Arkadiusz"]
[Result "0-1"]
[WhiteElo "2242"]
[BlackElo "2304"]
[PlyCount "72"]
[EventDate "2014.04.27"]
[EventType "swiss"]
[EventRounds "9"]
[EventCountry "POL"]
[SourceTitle "CBM 160 Extra"]
[Source "ChessBase"]
[SourceDate "2014.07.01"]
[SourceVersion "1"]
[SourceVersionDate "2014.07.01"]
[SourceQuality "1"]

1. e4 e6 2. b3 d5 3. Bb2 Nf6 4. e5 Nfd7 5. Qg4 Nc6 6. f4 h5 7. Qf3 Ne7 8. Bd3 Nc5 9. Be2 Nf5 10. Nh3 Bd7 11. d4 Ne4 12. Bd3 c5 13. Nd2 Qa5 14. Bxe4 dxe4 15. Qxe4 Bc6 16. d5 Bxd5 17. Qe2 Nh4 18. Rg1 Rd8 19. 0-0-0 Qxa2 20. Ne4 Qa6 21. c4 Bxe4 22. Rxd8+ Kxd8 23. Qxe4 Be7 24. Rd1+ Kc7 25. Rd6 Bxd6 26. exd6+ Kc8 27. Ng5 Qc6 28. Bxg7 Rd8 29. Bf6 Rxd6 30. Nxf7 Rd7 31. Qh7 b6 32. Qg8+ Kb7 33. Bxh4 Qe4 34. Nd8+ Ka6 35. Qxe6 Qxf4+ 36. Kb1 Rd1+ 0-1

[Event "Krakow Malopolski-chA"]
[Site "Krakow"]
[Date "2014.05.02"]
[Round "6"]
[White "Szuper, Paul"]
[Black "Tyukhanov, Alexey"]
[Result "1-0"]
[WhiteElo "2178"]
[BlackElo "2242"]
[PlyCount "101"]
[EventDate "2014.04.27"]
[EventType "swiss"]
[EventRounds "9"]
[EventCountry "POL"]
[SourceTitle "CBM 160 Extra"]
[Source "ChessBase"]
[SourceDate "2014.07.01"]
[SourceVersion "1"]
[SourceVersionDate "2014.07.01"]
[SourceQuality "1"]

1. d4 Nc6 2. Nf3 d5 3. c4 Bg4 4. Nc3 e6 5. e3 Nf6 6. h3 Bh5 7. Bd2 dxc4 8. Bxc4 Bd6 9. 0-0 0-0 10. Be2 Qe7 11. Rc1 Bg6 12. Nh4 e5 13. Nxg6 hxg6 14. d5 Nb8 15. e4 c5 16. a4 b6 17. Bg5 a6 18. Bc4 Qb7 19. Qf3 Nbd7 20. Rfe1 Ne8 21. Qg3 Nc7 22. Qg4 Nf6 23. Qh4 Nce8 24. f4 Qc7 25. f5 Qd7 26. fxg6 fxg6 27. Rf1 Nh7 28. Rxf8+ Nxf8 29. Be2 Nc7 30. Bg4 Qe8 31. b3 b5 32. Be3 Nh7 33. Rf1 Rb8 34. axb5 axb5 35. Be2 Nf8 36. Qf2 Qe7 37. h4 Nh7 38. Qg3 Qe8 39. h5 Nf6 40. hxg6 c4 41. bxc4 bxc4 42. Bd1 Qe7 43. Qh4 Bc5 44. Bxc5 Qxc5+ 45. Kh1 Nce8 46. Bg4 Kf8 47. Qh8+ Ke7 48. Rxf6 Kxf6 49. Qh4+ Kxg6 50. Bh5+ Kh7 51. Bf7# 1-0

[Event "Krakow Malopolski-chA"]
[Site "Krakow"]
[Date "2014.04.30"]
[Round "4"]
[White "Shishkin, Vadim"]
[Black "Tyukhanov, Alexey"]
[Result "1-0"]
[WhiteElo "2477"]
[BlackElo "2242"]
[PlyCount "127"]
[EventDate "2014.04.27"]
[EventType "swiss"]
[EventRounds "9"]
[EventCountry "POL"]
[SourceTitle "CBM 160 Extra"]
[Source "ChessBase"]
[SourceDate "2014.07.01"]
[SourceVersion "1"]
[SourceVersionDate "2014.07.01"]
[SourceQuality "1"]

1. d4 Nc6 2. e4 e5 3. d5 Nce7 4. Bd3 Nf6 5. Be3 Ng6 6. Nd2 c6 7. c4 b5 8. b3 Bb4 9. f3 Nf4 10. Bf1 0-0 11. g3 Ng6 12. Nh3 Qe7 13. Bd3 Bc5 14. Qe2 Bd4 15. Bxd4 exd4 16. 0-0 Re8 17. Rfe1 bxc4 18. Nxc4 cxd5 19. exd5 Qb4 20. Qf2 Bb7 21. Rxe8+ Rxe8 22. Qxd4 Bxd5 23. Qf2 Ba8 24. Rd1 d5 25. Ne3 Ne5 26. Be2 Nc6 27. Nf4 Qe7 28. Nf5 Qe5 29. Bd3 g6 30. Nh6+ Kg7 31. Ng4 Nxg4 32. fxg4 Kg8 33. Bf1 d4 34. Bg2 Rd8 35. Qe2 d3 36. Qxe5 Nxe5 37. Bxa8 Rxa8 38. Nxd3 Nxg4 39. Nf2 Ne5 40. Rd5 Nc6 41. Rc5 Nd4 42. Ra5 Nc6 43. Ra6 Rc8 44. Ne4 Nb4 45. Rxa7 Rc1+ 46. Kf2 Rc2+ 47. Ke3 Nxa2 48. h4 Nb4 49. Rb7 Nc6 50. Rc7 Nb4 51. Rxc2 Nxc2+ 52. Kd3 Na3 53. b4 Kf8 54. Kd4 Ke7 55. Kc5 Ke6 56. Nd6 h6 57. Nc4 Nxc4 58. Kxc4 f5 59. Kd4 g5 60. h5 Kd6 61. b5 Kc7 62. Ke5 f4 63. gxf4 g4 64. Ke4 1-0

[Event "Krakow Malopolski-chA"]
[Site "Krakow"]
[Date "2014.04.28"]
[Round "2"]
[White "Kosturkiewicz, Jacek"]
[Black "Tyukhanov, Alexey"]
[Result "0-1"]
[WhiteElo "2005"]
[BlackElo "2242"]
[PlyCount "60"]
[EventDate "2014.04.27"]
[EventType "swiss"]
[EventRounds "9"]
[EventCountry "POL"]
[SourceTitle "CBM 160 Extra"]
[Source "ChessBase"]
[SourceDate "2014.07.01"]
[SourceVersion "1"]
[SourceVersionDate "2014.07.01"]
[SourceQuality "1"]

1. e4 c6 2. d4 g6 3. Nc3 Bg7 4. Be3 d5 5. Qd2 dxe4 6. Nxe4 Nd7 7. 0-0-0 Ngf6 8. Nxf6+ Nxf6 9. Nf3 0-0 10. Ne5 Ng4 11. Bf4 Be6 12. Bc4 Bxe5 13. Bxe6 Bxf4 14. Qxf4 Nxf2 15. Qxf2 fxe6 16. Qe2 Qd5 17. Kb1 Rf6 18. h4 Raf8 19. Rhe1 R8f7 20. g3 Rf2 21. Qxe6 Qxe6 22. Rxe6 Kf8 23. Ree1 Rg2 24. Rg1 Rff2 25. Rdf1 Ke8 26. b3 Rxc2 27. Rxg2 Rxg2 28. Rf3 h5 29. a4 Rd2 30. Rf4 Rd3 0-1

[Event "Krakow Malopolski-chA"]
[Site "Krakow"]
[Date "2013.05.03"]
[Round "7"]
[White "Tyukhanov, Alexey"]
[Black "Mikrut, Dariusz"]
[Result "0-1"]
[WhiteElo "2237"]
[BlackElo "2361"]
[PlyCount "110"]
[EventDate "2013.04.28"]
[EventType "swiss"]
[EventRounds "9"]
[EventCountry "POL"]
[SourceTitle "CBM 154 Extra"]
[Source "ChessBase"]
[SourceDate "2013.06.25"]
[SourceVersion "2"]
[SourceVersionDate "2013.06.25"]
[SourceQuality "1"]

1. e4 c5 2. Nf3 d6 3. c3 Nf6 4. Bd3 Nc6 5. Bc2 Bg4 6. d3 e6 7. h3 Bh5 8. Nbd2 Be7 9. Nf1 h6 10. Ng3 Bg6 11. 0-0 d5 12. Qe2 Qc7 13. Re1 0-0 14. Bd2 b5 15. a3 a5 16. Rac1 Qb6 17. exd5 Nxd5 18. Ne4 Rfd8 19. Bb1 Rac8 20. Red1 Bf8 21. Be1 b4 22. Nfd2 bxc3 23. Nc4 Nd4 24. Qf1 Qa6 25. bxc3 Nb3 26. Rc2 Nf4 27. f3 Nxd3 28. Ne5 c4 29. Nxd3 cxd3 30. Rb2 Nc5 31. Nf2 Na4 32. Rb3 Qc4 33. Rb7 Nc5 34. Rb2 Be7 35. Ng4 Qa4 36. Bd2 Bd6 37. Ne3 Nb3 38. Be1 Qxa3 39. Ra2 Qc5 40. Qf2 Bf4 41. Nf1 Qb5 42. Rb2 a4 43. Ba2 Bd6 44. Bd2 Bc5 45. Ne3 Rb8 46. Kh1 Qa6 47. Qg3 Bd6 48. Qh4 Ba3 49. Rbb1 Nxd2 50. Rxd2 Rxb1+ 51. Bxb1 Qb6 52. Rd1 Ra8 53. Nf1 Qb3 54. Qe1 Rd8 55. Qd2 Bb2 0-1

[Event "Krakow Malopolski-chA"]
[Site "Krakow"]
[Date "2013.05.02"]
[Round "5"]
[White "Szuper, Paul"]
[Black "Tyukhanov, Alexey"]
[Result "0-1"]
[WhiteElo "2188"]
[BlackElo "2237"]
[PlyCount "40"]
[EventDate "2013.04.28"]
[EventType "swiss"]
[EventRounds "9"]
[EventCountry "POL"]
[SourceTitle "CBM 154 Extra"]
[Source "ChessBase"]
[SourceDate "2013.06.25"]
[SourceVersion "2"]
[SourceVersionDate "2013.06.25"]
[SourceQuality "1"]

1. d4 g6 2. e4 c6 3. Ne2 Bg7 4. h3 d5 5. e5 c5 6. c3 Nc6 7. Qb3 f6 8. exf6 Nxf6 9. dxc5 0-0 10. Na3 e5 11. Be3 Qe7 12. Nb5 Na5 13. Qb4 Nc4 14. Nd6 a5 15. Qb5 Nxe3 16. fxe3 Bh6 17. 0-0-0 Bxe3+ 18. Kb1 Bd7 19. Qb6 Ra6 20. Qxb7 Rxd6 0-1

[Event "Krakow Malopolski-chA"]
[Site "Krakow"]
[Date "2013.04.30"]
[Round "3"]
[White "Tyukhanov, Alexey"]
[Black "Kumor, Lukasz"]
[Result "1-0"]
[WhiteElo "2237"]
[BlackElo "2120"]
[PlyCount "209"]
[EventDate "2013.04.28"]
[EventType "swiss"]
[EventRounds "9"]
[EventCountry "POL"]
[SourceTitle "CBM 154 Extra"]
[Source "ChessBase"]
[SourceDate "2013.06.25"]
[SourceVersion "2"]
[SourceVersionDate "2013.06.25"]
[SourceQuality "1"]

1. e4 e6 2. b3 d5 3. Bb2 dxe4 4. Nc3 Nf6 5. Qe2 Nc6 6. 0-0-0 Be7 7. Nxe4 a5 8. a4 0-0 9. Nf3 b6 10. d4 Ba6 11. Nxf6+ Bxf6 12. Qe4 Bxf1 13. Rhxf1 Nb4 14. Ne5 Rc8 15. f4 Qd5 16. Rfe1 Rfd8 17. c3 Qxe4 18. Rxe4 Nd5 19. c4 Nb4 20. Ba3 Be7 21. Bxb4 Bxb4 22. Nc6 Ba3+ 23. Kc2 Rd7 24. d5 exd5 25. Rxd5 Rxd5 26. cxd5 Kf8 27. Kd3 Re8 28. Ne5 Re7 29. h3 Bd6 30. Nc6 Rxe4 31. Kxe4 Ke8 32. f5 Be7 33. Ne5 Bf6 34. Nc6 Be7 35. Ke5 Kd7 36. g4 Bf6+ 37. Ke4 Be7 38. Ne5+ Ke8 39. Kd3 Bf6 40. Nf3 Kd7 41. g5 Be7 42. h4 Bd6 43. Ke4 Bg3 44. h5 Ke7 45. Nd4 Bf2 46. Nc6+ Kd6 47. Ne5 Ke7 48. f6+ gxf6 49. gxf6+ Ke8 50. Kf5 Bc5 51. Nc4 Kd7 52. Kg4 Bf8 53. Ne5+ Ke8 54. Kf5 Bc5 55. Ke4 Bd6 56. Nf3 Ba3 57. Ng5 h6 58. Kf5 Bb2 59. Ne4 Kd7 60. Nf2 Bc1 61. Nd3 Be3 62. Ne5+ Ke8 63. Ng4 Bd2 64. Ke4 Bg5 65. Ke5 Kd7 66. Kf5 Ke8 67. Ne5 Be3 68. Nc4 Bc5 69. Ke4 Bb4 70. Kd4 Bc5+ 71. Ke5 Kd7 72. Kf5 Bd4 73. Nd2 Bb2 74. Nf3 Bc3 75. Nh2 Bb4 76. Ng4 Bf8 77. Ke4 Ke8 78. Kd4 Kd7 79. Ne5+ Ke8 80. Ke4 Bd6 81. Nd3 Kd7 82. Nf2 Bc5 83. Ng4 Bf8 84. Kd4 Bc5+ 85. Kc4 Bf8 86. Ne5+ Ke8 87. Kb5 Bd6 88. Ng4 Bf4 89. Kc6 Kd8 90. d6 cxd6 91. Kxb6 Kd7 92. Kxa5 Kc6 93. Kb4 Kb6 94. Kc4 Kc6 95. b4 d5+ 96. Kd4 Kd6 97. b5 Bc1 98. Kc3 Kc5 99. Ne5 Bg5 100. Kd3 Kb4 101. b6 Bf4 102. Kd4 Bh2 103. b7 Bg1+ 104. Kxd5 Ba7 105. Nc6+ 1-0

[Event "Kostroma Volga Cup op"]
[Site "Kostroma"]
[Date "2009.07.??"]
[Round "1"]
[White "Malygin, Alexander"]
[Black "Tyukhanov, Alexey"]
[Result "1/2-1/2"]
[WhiteElo "2183"]
[BlackElo "2240"]
[PlyCount "41"]
[EventDate "2009.07.03"]
[EventType "swiss"]
[EventRounds "9"]
[EventCountry "RUS"]
[SourceTitle "EXT 2021"]
[Source "ChessBase"]
[SourceDate "2020.10.23"]
[SourceVersion "1"]
[SourceVersionDate "2020.10.23"]
[SourceQuality "1"]

1. e4 c6 2. d4 d5 3. exd5 cxd5 4. c4 Nf6 5. Nc3 e6 6. Nf3 Bb4 7. cxd5 exd5 8. Bd3 0-0 9. 0-0 Bxc3 10. bxc3 Bg4 11. Bg5 Nbd7 12. Rc1 Qa5 13. Qb3 Ne4 14. Bf4 Nb6 15. Ne5 Be6 16. f3 Nf6 17. Rfe1 Rac8 18. Bg5 Rfe8 19. Bb5 Bd7 20. Bd3 Be6 21. Bb5 1/2-1/2

[Event "Kostroma Volga Cup op"]
[Site "Kostroma"]
[Date "2009.07.??"]
[Round "8"]
[White "Tyukhanov, Alexey"]
[Black "Mandrikov, Sergey"]
[Result "1-0"]
[WhiteElo "2240"]
[BlackElo "2053"]
[PlyCount "63"]
[EventDate "2009.07.03"]
[EventType "swiss"]
[EventRounds "9"]
[EventCountry "RUS"]
[SourceTitle "EXT 2021"]
[Source "ChessBase"]
[SourceDate "2020.10.23"]
[SourceVersion "1"]
[SourceVersionDate "2020.10.23"]
[SourceQuality "1"]

1. e4 c5 2. Nf3 Nc6 3. Nc3 d6 4. d4 cxd4 5. Nxd4 Nf6 6. Bg5 e6 7. f4 a6 8. Nb3 Be7 9. Qf3 h6 10. Bh4 Qc7 11. 0-0-0 0-0 12. g4 b5 13. Bd3 Bb7 14. g5 hxg5 15. Bxg5 Nb4 16. Kb1 Nxd3 17. cxd3 b4 18. Ne2 d5 19. e5 d4 20. Qh3 Nd5 21. Rhg1 Rfc8 22. Nexd4 Bxg5 23. Rxg5 Nxf4 24. Qg3 Ng6 25. h4 Bd5 26. h5 Bxb3 27. axb3 Qc5 28. hxg6 Qxd4 29. gxf7+ Kf8 30. Rxg7 Qc5 31. Qg5 Qc2+ 32. Ka2 1-0

[Event "Krakow op-A 19th"]
[Site "Krakow"]
[Date "2009.01.03"]
[Round "8"]
[White "D'Costa, Lorin AR"]
[Black "Tyukhanov, Alexey"]
[Result "1-0"]
[WhiteElo "2411"]
[BlackElo "2227"]
[PlyCount "67"]
[EventDate "2008.12.26"]
[EventType "swiss"]
[EventRounds "9"]
[EventCountry "POL"]
[SourceTitle "CBM 128 Extra"]
[Source "ChessBase"]
[SourceDate "2009.03.05"]
[SourceVersion "2"]
[SourceVersionDate "2009.03.25"]
[SourceQuality "1"]

1. Nf3 Nf6 2. c4 g6 3. Nc3 Bg7 4. g3 0-0 5. Bg2 d6 6. 0-0 c6 7. d3 Nbd7 8. Rb1 a5 9. a3 Qc7 10. Bd2 e5 11. e4 Nc5 12. b4 axb4 13. axb4 Ne6 14. Ne1 Nd4 15. f4 b5 16. cxb5 cxb5 17. h3 Bb7 18. Nf3 Nh5 19. Nxd4 exd4 20. Ne2 f5 21. g4 Nf6 22. Ng3 fxe4 23. dxe4 Rfe8 24. Re1 Ra3 25. Rc1 Qd8 26. Kh2 Qa8 27. Rc7 Bxe4 28. Nxe4 Nxe4 29. Rxe4 Rxe4 30. Qc2 Rxh3+ 31. Kxh3 Qa3+ 32. Kh2 Re2 33. Qc6 Qb3 34. Qd7 1-0

[Event "Krakow op-A 19th"]
[Site "Krakow"]
[Date "2008.12.31"]
[Round "6"]
[White "Tyukhanov, Alexey"]
[Black "Rudolf, Michal"]
[Result "1/2-1/2"]
[WhiteElo "2227"]
[BlackElo "2398"]
[PlyCount "127"]
[EventDate "2008.12.26"]
[EventType "swiss"]
[EventRounds "9"]
[EventCountry "POL"]
[SourceTitle "CBM 128 Extra"]
[Source "ChessBase"]
[SourceDate "2009.03.05"]
[SourceVersion "2"]
[SourceVersionDate "2009.03.25"]
[SourceQuality "1"]

1. e4 e6 2. b3 b6 3. Bb2 Bb7 4. Nc3 c5 5. g3 Nf6 6. Bg2 Be7 7. f4 d5 8. e5 Nfd7 9. d3 Nc6 10. Nf3 a6 11. a4 Qc7 12. Qe2 Rc8 13. 0-0 0-0 14. Kh1 Nd4 15. Qf2 Ba8 16. Rae1 Rfe8 17. g4 Nxf3 18. Qxf3 d4 19. Ne4 b5 20. axb5 axb5 21. Qg3 Bf8 22. Rf3 Qd8 23. g5 g6 24. h4 Bxe4 25. dxe4 Ra8 26. c3 Ra2 27. Re2 Qa5 28. Rff2 Qc7 29. cxd4 cxd4 30. Rc2 Qd8 31. Bxd4 Rxc2 32. Rxc2 Nxe5 33. Bg1 Qd1 34. Qc3 Nd7 35. Bf3 Qf1 36. Kh2 b4 37. Qe3 Ra8 38. Bg2 Qb5 39. e5 Ra6 40. Rc7 Ra2 41. Kh1 Nc5 42. Rc8 Na6 43. Ra8 Kg7 44. h5 gxh5 45. f5 Re2 46. f6+ Kg8 47. Qd4 Nb8 48. Qb6 Qxb6 49. Bxb6 Nd7 50. Bc7 Nxe5 51. Bd6 Ng6 52. Bxb4 Re3 53. Be7 h4 54. Kh2 h3 55. Bc6 h6 56. gxh6 Kh7 57. Bxf8 Ne5 58. Be4+ Rxe4 59. Kxh3 Re3+ 60. Kg2 Rxb3 61. Bg7 Ng6 62. Ra7 Ne5 63. Kf1 Rb2 64. Ra8 1/2-1/2

[Event "Krakow op-A 19th"]
[Site "Krakow"]
[Date "2008.12.28"]
[Round "2"]
[White "Tyukhanov, Alexey"]
[Black "Bobula, Mateusz"]
[Result "1-0"]
[WhiteElo "2227"]
[BlackElo "2395"]
[PlyCount "85"]
[EventDate "2008.12.26"]
[EventType "swiss"]
[EventRounds "9"]
[EventCountry "POL"]
[SourceTitle "CBM 128 Extra"]
[Source "ChessBase"]
[SourceDate "2009.03.05"]
[SourceVersion "2"]
[SourceVersionDate "2009.03.25"]
[SourceQuality "1"]

1. e4 e6 2. b3 d5 3. Bb2 Nf6 4. e5 Nfd7 5. Qg4 c5 6. Nf3 Nc6 7. Bb5 Qb6 8. Bxc6 Qxc6 9. 0-0 b5 10. d4 c4 11. c3 a5 12. Nbd2 cxb3 13. axb3 a4 14. Rac1 Nb6 15. Rc2 Ba6 16. Rfc1 h6 17. h4 Rc8 18. Ne1 g6 19. h5 gxh5 20. Qxh5 axb3 21. Nxb3 Na4 22. Nd3 Qc4 23. Nbc5 Nxc5 24. Nxc5 Bxc5 25. dxc5 Rg8 26. Qf3 Bb7 27. Rd2 Qxc5 28. Rd4 Ra8 29. c4 bxc4 30. Rcxc4 Qb6 31. Rb4 Qc7 32. Ba3 Ba6 33. Qf6 Qd8 34. Qf3 Qc7 35. Ra4 Qxe5 36. Qc3 Kd7 37. g3 Rgc8 38. Qb4 Qf6 39. Qd6+ Ke8 40. Qf8+ Kd7 41. Qd6+ Ke8 42. Rf4 Qa1+ 43. Kh2 1-0

[Event "Biel MTO op 41st"]
[Site "Biel"]
[Date "2008.07.30"]
[Round "9"]
[White "Bindrich, Falko"]
[Black "Tyukhanov, Alexey"]
[Result "1-0"]
[WhiteElo "2516"]
[BlackElo "2181"]
[PlyCount "37"]
[EventDate "2008.07.21"]
[EventType "swiss"]
[EventRounds "11"]
[EventCountry "SUI"]
[SourceTitle "CBM 125 Extra"]
[Source "ChessBase"]
[SourceDate "2008.09.01"]
[SourceVersion "1"]
[SourceVersionDate "2008.09.01"]
[SourceQuality "1"]

1. d4 Nc6 2. Nf3 d5 3. g3 Bf5 4. Bg2 e6 5. 0-0 Bd6 6. c4 Nf6 7. Bg5 h6 8. Bxf6 Qxf6 9. Nc3 Be4 10. cxd5 exd5 11. e3 Qe7 12. Qb3 Nb4 13. Nxe4 dxe4 14. Nd2 f5 15. a3 Nd3 16. f3 Qg5 17. Nc4 Qe7 18. fxe4 fxe4 19. Qxb7 1-0

[Event "Biel MTO op 41st"]
[Site "Biel"]
[Date "2008.07.21"]
[Round "1"]
[White "Kritz, Leonid"]
[Black "Tyukhanov, Alexey"]
[Result "1-0"]
[WhiteElo "2610"]
[BlackElo "2181"]
[PlyCount "95"]
[EventDate "2008.07.21"]
[EventType "swiss"]
[EventRounds "11"]
[EventCountry "SUI"]
[SourceTitle "CBM 125 Extra"]
[Source "ChessBase"]
[SourceDate "2008.09.01"]
[SourceVersion "1"]
[SourceVersionDate "2008.09.01"]
[SourceQuality "1"]

1. e4 c6 2. d4 d5 3. e5 c5 4. dxc5 Nc6 5. Nf3 Bg4 6. Bb5 e6 7. b4 Nge7 8. h3 Bxf3 9. Qxf3 a5 10. c3 Ng6 11. Qe2 Be7 12. 0-0 0-0 13. Bxc6 bxc6 14. a3 Qc7 15. Re1 f6 16. exf6 Rxf6 17. Bg5 Nf4 18. Bxf4 Qxf4 19. Ra2 Rg6 20. Nd2 Rf8 21. Qe3 Qh4 22. Rc2 e5 23. Nf1 e4 24. Nh2 Bd8 25. c4 Bc7 26. cxd5 cxd5 27. b5 Bf4 28. Qb3 Qg5 29. g3 a4 30. Qc3 e3 31. Ng4 h5 32. gxf4 Rxf4 33. Qxe3 hxg4 34. h4 Qf5 35. h5 Rf6 36. Rce2 Re4 37. Qd3 g3 38. fxg3 Qxh5 39. Rxe4 dxe4 40. Qd8+ Kh7 41. Qe7 Rf4 42. Rxe4 Qd1+ 43. Re1 Qd3 44. Qe3 Rf1+ 45. Kg2 Qxe3 46. Rxe3 Rc1 47. c6 Rc5 48. Re8 1-0